| 000 | 00388nam a22001457a 4500 | ||
|---|---|---|---|
| 082 | _aP-171 | ||
| 100 |
_aSGT. Ayaz Masud _947895 |
||
| 245 |
_aComputer Aided Slab Design Program _cSGT. Ayaz Masud CJUO. Nasir-Ud-Din |
||
| 260 |
_aRisalpur _bMCE _c26.4.2004 |
||
| 300 | _a106 p.: | ||
| 526 |
_a0 _b0 _c0 _dP_171 |
||
| 650 | _aProject | ||
| 700 |
_aDS Maj Ijaz _947896 |
||
| 942 |
_2ddc _cBK |
||
| 999 |
_c550990 _d550990 |
||